HandBook of Todays' religions: Understanding secular religions / (Record no. 5094)
[ view plain ]
| 000 -LEADER | |
|---|---|
| fixed length control field | 01131cam a2200325 a 4500 |
| 001 - CONTROL NUMBER | |
| control field | 10272885 |
| 003 - CONTROL NUMBER IDENTIFIER | |
| control field | OCoLC |
| 005 - DATE AND TIME OF LATEST TRANSACTION | |
| control field | 20200306163045.0 |
| 008 - FIXED-LENGTH DATA ELEMENTS--GENERAL INFORMATION | |
| fixed length control field | 831130s1982 cau 000 0 eng |
| 010 ## - LIBRARY OF CONGRESS CONTROL NUMBER | |
| LC control number | 82074300 |
| 020 ## - INTERNATIONAL STANDARD BOOK NUMBER | |
| International Standard Book Number | 0866050930 (pbk.) |
| 020 ## - INTERNATIONAL STANDARD BOOK NUMBER | |
| International Standard Book Number | 9780866050937 (pbk.) |
| 035 ## - SYSTEM CONTROL NUMBER | |
| System control number | (OCoLC)10272885 |
| Canceled/invalid control number | (OCoLC)9169276 |
| 040 ## - CATALOGING SOURCE | |
| Original cataloging agency | DLC |
| Transcribing agency | DLC |
| Modifying agency | BAKER |
| -- | BTCTA |
| -- | ITC |
| 050 00 - LIBRARY OF CONGRESS CALL NUMBER | |
| Classification number | BL2747.8 |
| Item number | .M4 1982 |
| 082 00 - DEWEY DECIMAL CLASSIFICATION NUMBER | |
| Classification number | 289 |
| Edition number | 19 |
| Item number | M478H |
| 092 ## - LOCALLY ASSIGNED DEWEY CALL NUMBER (OCLC) | |
| Classification number | 239.7 |
| Item number | M1386 |
| 100 1# - MAIN ENTRY--PERSONAL NAME | |
| Personal name | McDowell, Josh. |
| 245 10 - TITLE STATEMENT | |
| Title | HandBook of Todays' religions: Understanding secular religions / |
| Statement of responsibility, etc. | Josh McDowell, Don Stewart. |
| 260 ## - PUBLICATION, DISTRIBUTION, ETC. | |
| Place of publication, distribution, etc. | San Bernardino, Calif. : |
| Name of publisher, distributor, etc. | Campus Crusade for Christ : |
| -- | Here's Life Publishers, |
| Date of publication, distribution, etc. | c1982. |
| 300 ## - PHYSICAL DESCRIPTION | |
| Extent | 140 p. ; |
| Dimensions | 21 cm. |
| 490 1# - SERIES STATEMENT | |
| Series statement | Handbook of today's religions / Josh McDowell |
| 504 ## - BIBLIOGRAPHY, ETC. NOTE | |
| Bibliography, etc. note | Includes bibliographies. |
| 505 00 - FORMATTED CONTENTS NOTE | |
| Title | Atheism, agnosticism, and skepticism -- |
| -- | Marxism -- |
| -- | Secular humanism -- |
| -- | Existentialism. |
| 650 #0 - SUBJECT ADDED ENTRY--TOPICAL TERM | |
| Topical term or geographic name entry element | Secularism. |
| 650 #0 - SUBJECT ADDED ENTRY--TOPICAL TERM | |
| Topical term or geographic name entry element | Apologetics. |
| 700 1# - ADDED ENTRY--PERSONAL NAME | |
| Personal name | Stewart, Don Douglas. |
| 800 1# - SERIES ADDED ENTRY--PERSONAL NAME | |
| Personal name | McDowell, Josh. |
| Title of a work | Handbook of today's religions. |
| 942 ## - ADDED ENTRY ELEMENTS (KOHA) | |
| Source of classification or shelving scheme | Dewey Decimal Classification |
| Koha item type | Books |
| Withdrawn status | Lost status | Source of classification or shelving scheme | Damaged status | Not for loan | Collection code | Home library | Current library | Shelving location | Date acquired | Cost, normal purchase price | Total Checkouts | Full call number | Barcode | Date last seen | Price effective from | Koha item type |
|---|---|---|---|---|---|---|---|---|---|---|---|---|---|---|---|---|
| Dewey Decimal Classification | Not For Loan | Reference | Harvest Mission College | Harvest Mission College | Reference | 20.12.2018 | 8650.00 | REF 289 M478H | 005815 | 20.12.2018 | 20.12.2018 | Reference |
